000 00404nam a2200181Ia 4500
008 240510s9999 xx 000 0 und d
020 _a9789555515665
041 _asih
082 _a294.3
082 _bS25
100 _aSENANAYAKE, Somaweera
245 0 _aParamitha
260 _bColombo : Dayawansa Jayakodi Publishing
260 _c0
300 _a199 p.
942 _2ddc
942 _cLBK
999 _c28302
_d28302
945 _a1
_bMadushi Gamage
_c1
_dMadushi Gamage